000 00787nam a2200229 i 4500
001 77767
003 ES-MaACL
005 20240601063023.0
007 t|
008 041108s2004 sp ||||1| spa d
020 _a84-86611-20-2
080 _a929 Bravos
080 _a78 Bravos
100 1 _aAlonso Moreno, Guzmán
_920366
245 1 4 _aLos Bravos
_b: recuerdos de una leyenda : el fenómeno social de un grupo de pop-rock en la España franquista /
_cGuzmán Alonso Moreno.
260 _a[Madrid] :
_bAgrupación Hispana de Escritores,
_c[2004]
300 _a238 p., [18] p. de lám. ;
_c30 cm.
504 _aIncluye referencias bibliográficas.
610 2 7 _aLos Bravos (Grupo musical)
_95556
852 _aES-MaACL
_jL-28399
_bR.134012
999 _c77767
_d77767